Families in Harry Potter - Statistics

General Stats
  • This quiz has been taken 969 times
  • The average score is 21 of 47
Answer Stats
Hint Answer % Correct
Lily Potter's maiden name Evans
93%
Harry Potter's first girlfriend Cho Chang
85%
Harry Potter's godfather Sirius Black
83%
Who is Marjorie to Vernon Dursley ? His sister
77%
Harry Potter's godson Teddy Lupin
69%
Ron Weasley's second name Bilius
63%
Draco Malefoy's son Scorpius Malefoy
59%
Cedric Diggory's father Amos Diggory
57%
Rowena Ravenclaw's daughter Helena Ravenclaw
57%
Hermione Granger's son Hugo Weasley
57%
Parvati Patil's twin sister Padma Patil
57%
Luna Lovegood's father Xenophilius Lovegood
57%
Fleur Delacour's sister Gabrielle Delacour
55%
Draco Malefoy's first (assumed) girlfriend Pansy Parkinson
55%
Ginny Weasley's second (known) boyfriend Dean Thomas
54%
Who was Regulus Black to Andromeda Tonks ? Her cousin
50%
Ron Weasley's first (known) girlfriend Lavender Brown
50%
Colin Creevey's little brother Dennis Creevey
48%
After who did he take it ? His uncle (or great uncle)
47%
Who was Kendra to Aberforth Dumbledore ? His mother
46%
Eileen Snape's maiden name Prince
44%
Narcissa Malefoy's niece Nymphadora Tonks
43%
Astoria Malefoy's maiden name Greengrass
42%
Who is Lucy Weasley to Fred Weasley Sr ? His niece
42%
Who was Grawp to her ? Her son
41%
Molly Weasley's brother Fabian Prewett
40%
Tom Riddle's mother Merope Gaunt
40%
Molly Weasley's other brother Gideon Prewett
39%
Neville Longbottom's wife Hannah Abbot
39%
After who did he take his second name ? His father
38%
George Weasley's daughter Roxanne Weasley
38%
Albus Dumbledore's lover Gellert Grindelwald
37%
Percy Weasley's first (known) girlfriend Penelope Clearwater
37%
Who is Apolline Delacour to Louis Weasley ? His grandmother
36%
Who is Augusta for Alice Longbottom ? Her mother-in-law
35%
Susan Bones' aunt Amelia Bones
34%
Rowena Ravenclaw's daughter's lover Bloody Baron
34%
Ginny Weasley's first (known) boyfriend Michael Corner
32%
Tom Riddle's uncle Morfin Gaunt
32%
Hermione Granger's second (known) boyfriend Cormac McLaggen
31%
Severus Snape's father Tobias Snape
29%
Who was Rabastan to Bellatrix Lestrange ? Her brother-in-law
28%
Albus Dumbledore's entire name Albus Percival Wulfric Brian Dumbledore
26%
Fleur Delacour's first (known) boyfriend Roger Davies
22%
Sybill Trelawney's great great grandmother Cassandra Trelawney
13%
Who was Bathilda Bagshot for him ? His great aunt
8%
Rubeus Hagrid's mother Fridwulfa
7%
No matching quizzes found
Score Distribution
Percent of People with Each Score
Percentile by Number Answered
Your Score History
You have not taken this quiz